Central Library OPAC University of Rajshahi

Seventeenth-century prose : (Record no. 63170)

MARC details
000 -LEADER
fixed length control field 00800nam a2200265 a 4500
001 - CONTROL NUMBER
control field 63170
003 - CONTROL NUMBER IDENTIFIER
rucl marc code BD-RjUL
005 - DATE AND TIME OF LATEST TRANSACTION
control field 20211209081151.0
008 - FIXED-LENGTH DATA ELEMENTS--GENERAL INFORMATION
fixed length control field 170128s1969 enk b 000 0 eng
020 ## - INTERNATIONAL STANDARD BOOK NUMBER
International Standard Book Number 0582341604
035 ## - SYSTEM CONTROL NUMBER
System control number (BD-RjUL)63298
040 ## - CATALOGING SOURCE
Original cataloging agency DLC
Transcribing agency DLC
Modifying agency BD-RjUL
Language of cataloging eng
041 ## - LANGUAGE CODE
Language code of text/sound track or separate title eng
082 ## - DEWEY DECIMAL CLASSIFICATION NUMBER
Classification number 820.9004
Edition number 23
Author mark and year SEV1969
245 10 - TITLE STATEMENT
Title Seventeenth-century prose :
Remainder of title an anthology /
Statement of responsibility, etc. selected and edited by Brian Vickers.
260 ## - PUBLICATION, DISTRIBUTION, ETC. (IMPRINT)
Place of publication, distribution, etc. Harlow :
Name of publisher, distributor, etc. Longmans,
Date of publication, distribution, etc. 1969.
300 ## - PHYSICAL DESCRIPTION
Pagination 266 p. ;
Size 21 cm.
490 1# - SERIES STATEMENT
Series statement Longmans' English series
504 ## - BIBLIOGRAPHY, ETC. NOTE
Bibliography, etc Includes bibliography
650 #0 - SUBJECT ADDED ENTRY--TOPICAL TERM
Topical term or geographic name as entry element English prose literature
Chronological subdivision Early modern, 1500-1700.
9 (RLIN) 187983
700 ## - ADDED ENTRY--PERSONAL NAME
Personal name Vickers, Brian.
830 #0 - SERIES ADDED ENTRY--UNIFORM TITLE
Uniform title Longmans' English series
942 ## - ADDED ENTRY ELEMENTS (KOHA)
Source of classification or shelving scheme Dewey Decimal Classification
Koha item type Books
Holdings
Lost status Source of classification or shelving scheme Damaged status Not for loan Collection code Permanent Location Current Location Shelving location Date acquired Source of acquisition Cost, normal purchase price Total Checkouts Full call number Date last seen Copy number Koha item type
  Dewey Decimal Classification   Not For Loan Non-fiction Central Library, University of Rajshahi Central Library, University of Rajshahi Reading Room 21/05/2010 Green book house 7.35   820.9004 SEV 1969 28/01/2017 C-1 Books